The golden book of the holy vedas / (Record no. 178534)

MARC details
000 -LEADER
fixed length control field 00715nam a22002177a 4500
005 - DATE AND TIME OF LATEST TRANSACTION
control field 20211207154242.0
010 ## - LCCN (DPL NO)
LC control number B-738732
020 ## - INTERNATIONAL STANDARD BOOK NUMBER
International Standard Book Number 8189297007
Terms of availability 730.00
035 ## - SYSTEM CONTROL NUMBER
System control number B-738732
037 ## - SOURCE OF ACQUISITION
Source of stock number/acquisition Gift
082 ## - DEWEY DECIMAL CLASSIFICATION NUMBER
Classification number 230.1
245 ## - TITLE STATEMENT
Title The golden book of the holy vedas /
Statement of responsibility, etc translated by A.A. Macdonell, H. Oldenberg [and] F. Max Muller
260 ## - PUBLICATION, DISTRIBUTION, ETC. (IMPRINT)
Place of publication, distribution, etc Delhi
Name of publisher, distributor, etc Vijay Goel
Date of publication, distribution, etc 2005
270 ## - ADDRESS
Address S-16, Navin Shahdara
City Delhi
Postal code 110032
300 ## - PHYSICAL DESCRIPTION
Extent 237p.
Dimensions 24cm(Hb)
700 ## - ADDED ENTRY--PERSONAL NAME
Personal name Macdonell, A.A.
700 ## - ADDED ENTRY--PERSONAL NAME
Personal name Oldenberg, H.
700 ## - ADDED ENTRY--PERSONAL NAME
Personal name Muller, F. Max
942 ## - ADDED ENTRY ELEMENTS (KOHA)
Source of classification or shelving scheme Dewey Decimal Classification
Item type English Books
Call number suffix GOL
Classification part 230.1
Holdings
Withdrawn status Lost status Not for loan Collection code Home library Current library Date acquired Source of acquisition Cost, normal purchase price Full call number Barcode Copy number Cost, replacement price Koha item type
      Non-fiction Central Library Central Library 06/04/2021 Gift/Eng/26-02-2021 730.00 230.1 GOL B-738732 1 730.00 English Books

© Delhi Public Library
Hit Counter
free hit counter